000 00629 a2200253 4500
005 20250206095853.0
008 250206b |||||||| |||| 00| 0 eng d
020 _a9781319498504
_ceuro 74.99
040 _aMAIN
082 _a572
_bB452B(10)
100 _aBerg, Jeremy M
245 _aBiochemistry
250 _a10th
260 _bMacmillan Learning
_c2023
_aNew York
300 _axxxvii, 1001
650 _aBiochemistry
650 _aMetabolism
650 _aDNA Technology
700 _aGatto, Gregory J
700 _aHines, Justin K
700 _aTymoczko, John L
700 _aStryer, Lubert
942 _cBK
999 _c358451
_d358451